Principles of sociology : A reader in theory and research (Record no. 1347230)

MARC details
000 -LEADER
fixed length control field 00599nam a2200205Ia 4500
005 - DATE AND TIME OF LATEST TRANSACTION
control field 20250508154036.0
008 - FIXED-LENGTH DATA ELEMENTS--GENERAL INFORMATION
fixed length control field 008 250505s9999 xx 000 0 eng d
037 ## - SOURCE OF ACQUISITION
Stock number Textual
040 ## - CATALOGING SOURCE
Original cataloging agency FEDL
Language of cataloging eng
Transcribing agency FEDL
041 ## - LANGUAGE CODE
Language code of text/sound track or separate title eng
Source of code eng
084 ## - COLON CLASSIFICATION NUMBER
Classification number 301, YOU
Assigning agency FEDL
100 ## - MAIN ENTRY--PERSONAL NAME
Personal name Young Kimball
9 (RLIN) 86023
245 #0 - TITLE STATEMENT
Title Principles of sociology : A reader in theory and research
260 ## - PUBLICATION, DISTRIBUTION, ETC.
Place of publication, distribution, etc. New Delhi, India
Name of publisher, distributor, etc. Eurasia Publishing House Pvt Ltd.
300 ## - PHYSICAL DESCRIPTION
Extent 344p.
650 ## - SUBJECT ADDED ENTRY--TOPICAL TERM
Topical term or geographic name entry element Sociology
700 ## - ADDED ENTRY--PERSONAL NAME
Personal name Mack Raymond W.
9 (RLIN) 764928
942 ## - ADDED ENTRY ELEMENTS (KOHA)
Koha item type Textual
Classification part 301, YOU
Holdings
Withdrawn status Lost status Damaged status Not for loan Home library Current library Date acquired Total Checkouts Full call number Barcode Date last seen Price effective from Koha item type
        Department of Education Library Department of Education Library 2025-05-08   301, YOU EL0030785 2025-05-08 2025-05-08 Textual
Copyright @ Delhi University Library System